| 000 | 01966cam a2200361 a 4500 | ||
|---|---|---|---|
| 001 | 6207 | ||
| 003 | FISKH | ||
| 005 | 20250328103227.0 | ||
| 008 | 111024s2010 nyu 000 1 eng | ||
| 010 | _a 2011456832 | ||
| 020 | _a9780307476357 (pbk.) | ||
| 020 | _a9781789506686 | ||
| 040 |
_aDLC _cDLC _dDLC _beng |
||
| 050 | _aPS3511.I9 B4 | ||
| 082 | _a813.52 | ||
| 100 | 1 |
_aFitzgerald, F. Scott _q(Francis Scott), _d1896-1940. |
|
| 245 | 1 | 4 |
_aThe beautiful and damned / _cF. Scott Fitzgerald. |
| 260 |
_aLondon : _bArcturus, _c2021 |
||
| 300 |
_a384 pages : _b20 cm |
||
| 490 | 0 | _aVintage classics | |
| 500 | _aOriginally published in hardcover in the United States by Charles Scribner's Sons, New York, in 1922. | ||
| 520 | _aFitzgerald's second novel, a devastating portrait of the excesses of the Jazz Age, is a largely autobiographical depiction of a glamorous, reckless Manhattan couple and their spectacular spiral into tragedy. Published on the heels of "This Side of Paradise," the story of the Harvard-educated aesthete Anthony Patch and his willful wife, Gloria, is propelled by Fitzgerald's intense romantic imagination and demonstrates an increased technical and emotional maturity. "The Beautiful and Damned" is at once a gripping morality tale, a rueful meditation on love, marriage, and money, and an acute social document. As Hortense Calisher observes in her Introduction, " Though Fitzgerald can entrance with stories so joyfully youthful they appear to be safe-- when he cuts himself, you will bleed." | ||
| 650 | 0 |
_aInheritance and succession _vFiction. |
|
| 650 | 0 |
_aRich people _vFiction. |
|
| 650 | 0 |
_aMarried people _vFiction. |
|
| 650 | 0 |
_aInheritance and succession _vFiction. |
|
| 650 | 0 |
_aAvarice _vFiction. |
|
| 651 | 0 |
_aNew York (N.Y.) _vFiction. |
|
| 651 | 0 |
_aUnited States _xSocial conditions _y1918-1932 _vFiction. |
|
| 906 |
_a7 _bcbc _corignew _d2 _encip _f20 _gy-gencatlg |
||
| 942 |
_2ddc _cBK _n0 |
||
| 999 |
_c6207 _d6207 |
||